60 paesi scomparsi su una mappa - Statistics

Statistiche generali
  • Questo quiz è stato fatto 1.201 volte
  • Il punteggio medio è 36 su 60
Risposte nella Mappa
Le risposte nella mappa del quiz sottostante sono codificate secondo una scala di colori dal rosso al verde in base alla % di persone che hanno risposto correttamente.
 
Statistiche sulle risposte
Country % Corretto
Algeria
98%
Canada
98%
Messico
98%
Russia
98%
Stati Uniti
98%
Francia
95%
Polonia
95%
Spagna
95%
Argentina
94%
Turchia
94%
Brasile
93%
Egitto
93%
Germania
93%
Italia
93%
Libia
92%
Kazakistan
91%
Svezia
91%
Ucraina
91%
Mongolia
90%
Sudan
90%
Cina
89%
Colombia
89%
Paraguay
89%
Mali
88%
Repubblica Democratica del Congo
87%
Bolivia
86%
India
86%
Niger
86%
Arabia Saudita
85%
Ciad
85%
Sudafrica
84%
Svizzera
84%
Venezuela
84%
Romania
83%
Nigeria
82%
Grecia
81%
Iran
81%
Finlandia
80%
Norvegia
80%
Regno Unito
80%
Repubblica Ceca
80%
Slovacchia
80%
Perù
79%
Austria
78%
Panama
78%
Australia
77%
Bielorussia
77%
Kenya
77%
Moldavia
76%
Repubblica del Congo
75%
Sud Sudan
75%
Etiopia
74%
Mauritania
74%
Pakistan
73%
Portogallo
73%
Ungheria
73%
Birmania
72%
Marocco
72%
Namibia
72%
Nepal
71%
Repubblica Centrafricana
71%
Serbia
71%
Afghanistan
70%
Angola
70%
Cile
70%
Ecuador
70%
Lettonia
70%
Guyana
69%
Indonesia
69%
Iraq
69%
Yemen
69%
Belgio
68%
Bulgaria
68%
Giappone
68%
Senegal
68%
Uruguay
68%
Costa Rica
67%
Guatemala
67%
Laos
67%
Nicaragua
67%
Oman
67%
Togo
67%
Uzbekistan
66%
Benin
65%
Croazia
65%
Nuova Zelanda
64%
Tanzania
64%
Thailandia
64%
Eritrea
63%
Macedonia del Nord
63%
Zambia
62%
Lituania
61%
Tagikistan
60%
Albania
59%
Suriname
59%
Danimarca
58%
Honduras
58%
Mozambico
58%
Bosnia ed Erzegovina
57%
Corea del Nord
57%
Burkina Faso
56%
Camerun
56%
Kirghizistan
56%
Lesotho
56%
Georgia
55%
Ghana
55%
Madagascar
55%
Bhutan
54%
Botswana
54%
Giordania
54%
Somalia
54%
Turkmenistan
53%
Zimbabwe
53%
Cambogia
52%
Kiribati
51%
Paesi Bassi
51%
Slovenia
51%
Tunisia
51%
Costa d'Avorio
50%
Uganda
50%
Cuba
49%
El Salvador
49%
Guinea
49%
Irlanda
49%
Bangladesh
48%
Corea del Sud
48%
Estonia
48%
Sri Lanka
48%
Filippine
46%
Islanda
46%
Kosovo
46%
Papua Nuova Guinea
46%
Gabon
44%
Haiti
43%
Malawi
43%
Belize
42%
Repubblica Dominicana
41%
Azerbaijan
40%
Malta
40%
Swaziland
40%
Vietnam
40%
Cipro
39%
Sierra Leone
39%
Giamaica
38%
Malesia
38%
Montenegro
38%
Siria
38%
Guinea Equatoriale
37%
Stati Federati di Micronesia
37%
Liberia
36%
Mauritius
36%
Burundi
35%
Ruanda
35%
Armenia
33%
Guinea-Bissau
33%
Maldive
33%
Nauru
33%
Seychelles
33%
Emirati Arabi Uniti
31%
Kuwait
31%
Tuvalu
31%
Bahamas
29%
Comoros
29%
Gambia
29%
Israele
29%
Sao Tome e Principe
29%
Taiwan
28%
Libano
27%
Tonga
25%
Capo Verde
24%
Figi
24%
Isole Salomone
24%
Qatar
24%
Gibuti
23%
Samoa
23%
Isole Marshall
19%
Lussemburgo
19%
Palau
18%
Vanuatu
16%
Timor Est
4%
Trinidad e Tobago
2%
Nessun quiz corrispondente trovato
Distribuzione punteggi
Percentuale di utenti per punteggio
Percentile per numero di risposta
I tuoi punteggi nel tempo
Non hai fatto questo quiz